000 004460000a22001690004500
041 0 _aSPA
082 0 4 _aG 268.51 L935e
100 1 _aLuce, Alice E.
245 1 0 _aLa escuela dominical y su importancia / Alice E. Luce
260 _aSan Antonio, TX., USA : Casa Evangélica
300 _a99 Pag
001 8003
942 _cBK
999 _c38202
_d38202
336 _atexto
_btxt
_2rdacontent
337 _2rdamedia
_asin mediación
_bn
338 _2rdacarrier
_avolumen
_bnc